Evaluación del proyecto registro electoral
Evalúa el proyecto registro electoral, especialmente la captación de datos, distinguiendo y analizando sus logros y aciertos, los tropiezos y dificultades encontradas, las fallas y errores realizados durante su desarrollo.
| Main Author: | |
|---|---|
| Other Authors: | |
| Format: | Tesis Section = Libro |
| Language: | Undetermined Spanish |
| Published: |
Managua
UNI
1992
|
| Subjects: |
| LEADER | 00964nam a2200253Ia 4500 | ||
|---|---|---|---|
| 008 | 240830s9999 xx 000 0 und d | ||
| 040 | |a BIBLIOTECA-RUSB/ Mon 324.63 C348 | ||
| 041 | |a spa | ||
| 082 | |a Mon 324.63 C348 | ||
| 100 | 1 | |a Castellón Sanabria, Mirtha Elena | |
| 245 | 1 | 0 | |a Evaluación del proyecto registro electoral |
| 260 | |a Managua |b UNI |c 1992 | ||
| 300 | |a 142 p. :il. | ||
| 500 | |a Contiene: anexos. | ||
| 502 | |a Tesis (Ingeniero en Computación) - UNI, 1992. | ||
| 520 | 3 | |a Evalúa el proyecto registro electoral, especialmente la captación de datos, distinguiendo y analizando sus logros y aciertos, los tropiezos y dificultades encontradas, las fallas y errores realizados durante su desarrollo. | |
| 650 | 7 | |a SISTEMAS ELECTORALES | |
| 650 | 7 | |b RECOLECCIÓN DE DATOS | |
| 650 | 7 | |c ANÁLISIS DE DATOS | |
| 650 | 7 | |d EVALUACIÓN DE PROYECTOS | |
| 700 | 1 | |a Tutor: |b Hopmann, Cornelius | |
| 942 | |c BK |2 ddc | ||
| 991 | |a TESIS | ||
| 999 | |c 19886 | ||